| 000 | 00568cam a2200229ua 4500 | ||
|---|---|---|---|
| 020 | _c120.00 | ||
| 041 |
_aeng _h |
||
| 082 |
_a635 _bEDM/FU |
||
| 100 | _aEdmond, J.B . | ||
| 245 |
_aFundamentals of Horticulture / _cJ.B.Edmond. _hTextual Documents |
||
| 250 |
_a4 / _b. |
||
| 260 |
_a : _bTata Mc-Graw Hill Publishing Company , _c1977. |
||
| 300 | _a560 ; . | ||
| 365 | _a120.00 | ||
| 504 | _a | ||
| 700 | 1 | _aAudrews, F.S . | |
| 700 | 1 | _aHalfacre, R.G . | |
| 700 | 1 | _aSenn, T.L . | |
| 942 | _cBK | ||
| 999 |
_c1378 _d1378 |
||